Laxton's building price book: major and small works 2006 (Record no. 104379)

MARC details
000 -LEADER
fixed length control field 00640cam a2200217 4500
001 - CONTROL NUMBER
control field L130179
008 - FIXED-LENGTH DATA ELEMENTS--GENERAL INFORMATION
fixed length control field 050630n2005 000 0 eng u
020 ## - INTERNATIONAL STANDARD BOOK NUMBER
International Standard Book Number 0750665602
035 ## - SYSTEM CONTROL NUMBER
System control number (Sirsi) u130179
041 ## - LANGUAGE CODE
Language code of text/sound track or separate title eng
050 ## - LIBRARY OF CONGRESS CALL NUMBER
Classification number 692.5 $2 18
110 ## - MAIN ENTRY--CORPORATE NAME
Corporate name or jurisdiction name as entry element V.B. Johnson LLP
245 ## - TITLE STATEMENT
Title Laxton's building price book: major and small works 2006
250 ## - EDITION STATEMENT
Edition statement 178th ed.
260 ## - PUBLICATION, DISTRIBUTION, ETC.
Place of publication, distribution, etc. Oxford
Name of publisher, distributor, etc. Elsevier
Date of publication, distribution, etc. 2005
300 ## - PHYSICAL DESCRIPTION
Extent xliv, 916p.
Dimensions 30cm.
350 ## - PRICE (NR) (BK AM CF MU VM SE) [OBSOLETE]
Price 110.00
520 ## - SUMMARY, ETC.
Summary, etc. Superseded by 179th edition (ISBN 0750665610). Supersedes 177th edition (ISBN 075064737X).
690 ## - LOCAL SUBJECT ADDED ENTRY--TOPICAL TERM (OCLC, RLIN)
Topical term or geographic name as entry element BUILT ENVIRONMENT-BUILDING COSTS
942 ## - ADDED ENTRY ELEMENTS (KOHA)
Suppress in OPAC 0
Holdings
Withdrawn status Lost status Source of classification or shelving scheme Damaged status Not for loan Home library Current library Shelving location Date acquired Cost, normal purchase price Total Checkouts Full call number Barcode Date last seen Date last checked out Copy number Cost, replacement price Price effective from Koha item type
    Dewey Decimal Classification     London London Basement 26/10/2005 93.50 7 BASEMENT 30071317 06/08/2019 15/08/2006 1 93.50 06/08/2019 Book